| 000 | 00000nam 2200000za 4500 |
| 001 | 9.638447 |
| 003 | CaOODSP |
| 005 | 20231115135038 |
| 007 | cr ||||||||||| |
| 008 | 150407|2010||||xxc|||||o f|0| 0 fre d |
| 020 | |a978-1-100-96669-4 |
| 040 | |aCaOODSP|bfre |
| 043 | |an-cn--- |
| 086 | 1 |aH128-1/11-641F-PDF |
| 110 | 1 |aCanada. |bSanté Canada. |
| 245 | 10|aL'évaluation des risques pour les sites contaminés fédéraux au Canada : |h[ressource électronique]|bguide supplémentaire sur l'évaluation des risques pour la santé humaine liés aux aliments d'origine locale (ÉRSHaliments) / |cpréparé par Division des sites contaminés, Direction de la sécurité des milieux. |
| 260 | |aOttawa - Ontario : |bSanté Canada |cOctobre 2010. |
| 300 | |a37p.|bréférences, tableaux |
| 590 | |a12-40-Supp|b2012-10-23 |
| 691 | 07|aSécurité alimentaire|2gcpds |
| 691 | 07|aGestion des risques|2gcpds |
| 775 | 08|tFederal contaminated site risk assessment in Canada : |w(CaOODSP)9.694271 |
| 856 | 40|ahttp://publications.gc.ca|qPDF|s555 Ko|uhttps://publications.gc.ca/collections/collection_2012/sc-hc/H128-1-11-641-fra.pdf |